000 00708nam a2200205Ii 4500
003 JO-AjNU
008 230605s9999||||xx |||||||||||||| ||und||
040 _aJO-AjNU
_bara
_erda
_cJO-AjNU
041 _aara
050 1 4 _aPJ7507.U2 1969
100 3 _aالعبيدي، رشيد,
_eauthor
_910772
245 0 0 _aدراسات في النقد الأدبي، ج1
250 _aط1
264 3 1 _aبغداد: مطبعة المعارف، 1969
300 _aج1، 260ص
336 _atext
_btxt
_2rdacontent
337 _aunmediated
_bn
_2rdamedia
338 _avolume
_bnc
_2rdacarrier
650 4 _aالنقد الادبي-دراسات في النقد الادبي-الادب العربي-تاريخ ونقد
_910773
999 _aA1978
_c5546
_d5546